LEADER 00964nam a22002651i 4500 001 991003209879707536 005 20040122100142.0 008 040802s1986 it a||||||||||||||||ita 035 $ab13040741-39ule_inst 035 $aARCHE-099335$9ExL 040 $aBiblioteca Interfacoltà$bita$cA.t.i. Arché s.c.r.l. Pandora Sicilia s.r.l. 082 04$a759.5 100 1 $aCavalli, Massimo$0488565 245 10$aMassimo Cavalli /$c[a cura di] Remo Beretta 260 $aMilano :$bAll'insegna del pesce d'oro,$c1986 300 $a125 p. :$bill. ;$c17 cm 440 0$aArte moderna italiana ;$v98 600 14$aCavalli, Massimo 700 1 $aBeretta, Remo 907 $a.b13040741$b02-04-14$c05-08-04 912 $a991003209879707536 945 $aLE002 Ar. V G 48$g1$i2002000262011$lle002$nC. 1$o-$pE0.00$q-$rl$s- $t0$u0$v0$w0$x0$y.i13664360$z05-08-04 996 $aMassimo Cavalli$9286769 997 $aUNISALENTO 998 $ale002$b05-08-04$cm$da $e-$fita$git $h0$i1 LEADER 00963nam2 22002533i 450 001 UBO1125524 005 20231121125855.0 010 $a9041111344 100 $a20160119d2000 ||||0itac50 ba 101 | $aeng 102 $anl 181 1$6z01$ai $bxxxe 182 1$6z01$an 200 1 $a˜2: œDocuments and cases. 461 1$1001UBO1125470$12001 $aSubstantive and procedural aspects of international criminal law$ethe experience of international and national courts$feditors Gabrielle Kirk McDonald, Olivia Swaak-Goldman$v2 463 1$1001RML0343774$12000 $aPart. 1$feditors Gabrielle Kirk McDonald and Olivia Swaak-Goldman 463 1$1001RML0343775$12000 $aPart. 2$feditors Gabrielle Kirk McDonald and Olivia Swaak-Goldman 606 $aDiritto internazionale penale$2FIR$3RMLC015601$9I 676 $a341.77$9$v21 801 3$aIT$bIT-01$c20160119 912 $aUBO1125524 977 $a 53 996 $aDocuments and cases$9885557 997 $aUNICAS LEADER 01988nam0 2200433 i 450 001 BVE0041093 005 20251003044052.0 010 $a8815041435 100 $a19960416d1993 ||||0itac50 ba 101 | $aita 102 $ait 181 1$6z01$ai $bxxxe 182 1$6z01$an 183 1$6z01$anc$2RDAcarrier 200 1 $aCompetizione tecnologica e sviluppo industriale$efasi dell'economia mondiale dal 1850 al 1990$fMarco Fortis 210 $aBologna$cIl mulino$d\1993! 215 $a223 p.$cill.$d22 cm. 225 | $aˆIl ‰mulino Ricerca$i. Economia 410 0$1001CFI0167666$12001 $aˆIl ‰mulino Ricerca$i. Economia 606 $aSviluppo economico e progresso tecnico$xSec. 19.-20.$2FIR$3CFIC066626$9I 606 $aProduzione$xSec. 19.-20.$2FIR$3CFIC064695$9I 676 $a330.9$9SITUAZIONI E CONDIZIONI ECONOMICHE$v20 676 $a330.904$9SITUAZIONI E CONDIZIONI ECONOMICHE. 1900-1999$v23 676 $a338.09$9$v21 676 $a338.90094$9$v19 686 $aX30.2$cINDUSTRIA$2R 686 $aX30.9$cTECNOLOGIA E RICERCA SCIENTIFICA$2R 696 $aSviluppo economico$aProgresso tecnico 699 $aSviluppo economico e progresso tecnico$xSviluppo economico$xProgresso tecnico 700 1$aFortis$b, Marco$3CFIV106103$4070$039801 801 3$aIT$bIT-000000$c19960416 850 $aIT-BN0095 $aIT-NA0457 901 $bNAP BI$cSALA 3 $nLibri da 1597 a 3785 901 $bNAP 01$cPOZZO LIB.$nVi sono collocati fondi di economia, periodici di ingegneria e scienze, periodici di economia e statistica e altri fondi comprendenti documenti di economia pervenuti in dono. 912 $aBVE0041093 950 0$aBiblioteca Centralizzata di Ateneo$c1 v.$d 01POZZO LIB.ECON MON 6630$e 0101 0700161925E VMA 1 v. (Precedente collocazione 16 EC 192)$fB $h20220718$i20220718 977 $a 01$a BI 996 $aCompetizione tecnologica e sviluppo industriale$9195481 997 $aUNISANNIO